书目信息 |
| 题名: |
电视机的选择使用与维护
|
|
| 作者: | 马六珂 著 | |
| 分册: | ||
| 出版信息: | 北京 科学普及出版社 1983 |
|
| 页数: | 121页 | |
| 开本: | 19cm | |
| 丛书名: | ||
| 单 册: | ||
| 中图分类: | TN949.8 | |
| 科图分类: | ||
| 主题词: | 电视--传真通信 , 电视接收机--维修 | |
| 电子资源: | ||
| ISBN: | ||
| 000 | 00679nam0 2200241 45 | |
| 001 | 0183005307 | |
| 005 | 20051223105908.12 | |
| 010 | @dCNY0.40 | |
| 091 | @a15051.1080 | |
| 100 | @a19950614d1983 em y0chiy0121 ea | |
| 101 | 0 | @achi |
| 102 | @aCN@b110000 | |
| 105 | @ay z 000yy | |
| 200 | 10 | @a电视机的选择使用与维护@Adian shi ji de xuan zhe shi yong yu wei hu@f马六珂著@Fma liu ke zhu |
| 210 | @a北京@c科学普及出版社@d1983 | |
| 215 | @a121页@d19cm | |
| 606 | 0 | @a电视@x传真通信 |
| 606 | @a电视接收机@x维修 | |
| 690 | @aTN949.8 | |
| 701 | 0 | @a马六珂@Ama liu ke@4著 |
| 801 | 2 | @aCN@bNLC@c20051223 |
| 801 | 0 | @aCN@b上海图书馆@c20040518 |
| 905 | @f1@b104288@dTN949.8@e38 | |
| 电视机的选择使用与维护/马六珂著.-北京:科学普及出版社,1983 |
| 121页;19cm |
| ISBN :CNY0.40 |
| ● |
| 相关链接 |
|
|
|
|
正题名:电视机的选择使用与维护
索取号:TN949.8/38
 
预约/预借
| 序号 | 登录号 | 条形码 | 馆藏地/架位号 | 状态 | 备注 |
| 1 | 0104288 | 001324882 | 第二样本阅览室/ [索取号:TN949.8/38] | 在馆 | |
| 2 | 0104289 | 202181049 | 密集书库/ [索取号:TN949.8/38] | 在馆 |